000 00443nam a2200193Ia 4500
005 20240823040903.0
008 240823s9999||||xx |||||||||||||| ||und||
020 _a978-81-203-3012-2
041 _aENGLISH
082 _A669.9 Q2
100 _aRaghavan V
245 0 _aPhysical Metallurgy
250 _a2 nd
260 _c2012
_bPHI Learning Pv
500 _aYES
650 _aMetallurgy
_bMechanical
942 _cBK
999 _c204186
_d204186